<?xml version="1.0" encoding="UTF-8"?><?xml-stylesheet type="text/xsl" href="static/style.xsl"?><OAI-PMH xmlns="http://www.openarchives.org/OAI/2.0/" xmlns:xsi="http://www.w3.org/2001/XMLSchema-instance" xsi:schemaLocation="http://www.openarchives.org/OAI/2.0/ http://www.openarchives.org/OAI/2.0/OAI-PMH.xsd"><responseDate>2026-06-06T00:51:47Z</responseDate><request verb="GetRecord" identifier="oai:riuma.uma.es:10630/6323" metadataPrefix="marc">https://riuma.uma.es/rest/oai/request</request><GetRecord><record><header><identifier>oai:riuma.uma.es:10630/6323</identifier><datestamp>2026-02-03T12:00:17Z</datestamp><setSpec>com_10630_2254</setSpec><setSpec>col_10630_37959</setSpec></header><metadata><record xmlns="http://www.loc.gov/MARC21/slim" xmlns:dcterms="http://purl.org/dc/terms/" xmlns:doc="http://www.lyncode.com/xoai" xmlns:xsi="http://www.w3.org/2001/XMLSchema-instance" xsi:schemaLocation="http://www.loc.gov/MARC21/slim http://www.loc.gov/standards/marcxml/schema/MARC21slim.xsd">
   <leader>00925njm 22002777a 4500</leader>
   <datafield ind2=" " ind1=" " tag="042">
      <subfield code="a">dc</subfield>
   </datafield>
   <datafield ind2=" " ind1=" " tag="720">
      <subfield code="a">Pino-González, María Soledad</subfield>
      <subfield code="e">author</subfield>
   </datafield>
   <datafield ind2=" " ind1=" " tag="720">
      <subfield code="a">Romero-Carrasco, Antonio</subfield>
      <subfield code="e">author</subfield>
   </datafield>
   <datafield ind2=" " ind1=" " tag="720">
      <subfield code="a">Calvo-Losada, Saturnino</subfield>
      <subfield code="e">author</subfield>
   </datafield>
   <datafield ind2=" " ind1=" " tag="720">
      <subfield code="a">Quirante-Sánchez, José Joaquín</subfield>
      <subfield code="e">author</subfield>
   </datafield>
   <datafield ind2=" " ind1=" " tag="260">
      <subfield code="c">2013-11-05</subfield>
   </datafield>
   <datafield ind2=" " ind1=" " tag="520">
      <subfield code="a">Iminosugars have been shown to be very potent inhibitors of glycosidases and glycolsyltransferases. Due to their ability to resemble the transition states of the sugars&#xd;
involved in these processes, a variety of m&#xd;
onocyclic and bicyclic iminosugars have been&#xd;
synthesized or isolated from natural sources&#xd;
over the years. As part of our ongoing work&#xd;
on the preparation of glycosidase inhibitors&#xd;
, we developed stereoselective methods for&#xd;
synthesizing iminosugars from 2,3-epoxyamides obtained from monosaccharides.Now, we are interested in the syntheses of novel bicyclic triazoles, by intramolecular cycloaddition, due to the possibility of combining azido group and unsaturated esters in the same molecule. The triazole system is broadly considered in syntheses of bioactive products and the option of fused iminosugar with triazole has been evaluated.&#xd;
Firstly, we started with a less complex azido derivative 2a to continue with azido compounds&#xd;
2b obtained from our 2,3-epoxyamides 3, by regioselective introduction of an azido group. The fused triazolines 4a were formed by heating of&#xd;
2a. Aromatization of 4a afforded byciclic triazoles. There are several possibilitie&#xd;
s in the cyclization process depending on the reaction conditions and products 5,6 and 7&#xd;
can be formed. Moreover, we conducted a theoretical DFT based study of the cycloaddition to value the probability of formation of the triazoline 4a and subsequent aroma tization to triazole 1,versus elimination to the unsaturated ester 5</subfield>
   </datafield>
   <datafield ind1="8" ind2=" " tag="024">
      <subfield code="a">http://hdl.handle.net/10630/6323</subfield>
   </datafield>
   <datafield tag="653" ind2=" " ind1=" ">
      <subfield code="a">Química orgánica</subfield>
   </datafield>
   <datafield ind2="0" ind1="0" tag="245">
      <subfield code="a">Intramolecular [3+2] cycloaddition of azido-unsaturated esters derived of monosaccharides</subfield>
   </datafield>
</record>
</metadata></record></GetRecord></OAI-PMH>